00315nam a2200121Ia 4500008004100000041000800041082001500049100001200064245004100076260003800117300003100155365000700186240624s9999 xx 000 0 und d aeng a332.12 ANI aANITA C aTREASURY OUTSOURCING AN INTRODUCTION c2005aHyderabadbICFAI University axvi, : 158 : p. : cm. ; 23 cRS